000 00930nam a2200241Ia 4500
003 OSt
005 20220923212116.0
006 a|||||r|||| 00| 0
007 ta
008 220922b |||||||| |||| 00| 0 hin d
024 _a150,765
037 _cTextual
040 _aARTS
_cARTS
_bhin
041 _2hin
_ahin
082 _aLA:63, 152J5
100 _aबेदी, रामेश
245 0 _aदेहात की दवाएं
_b देहातों मे सब जगह मिलने वाली दवाओ से सरल इलाज करने के तरीके भाग 1
246 _aDehāt kī davāean: dehātoan me sab jagah milane vālī davāo se saral ilāj karane ke tarīke bhāg 1
260 _c1955
490 _aभारतीय द्रव्यगुण; 14
942 _hLA:63, 152J5
_cTEXL
_2CC
999 _c306445
_d306445